000 00642nam a22001935i 4500
001 177130
003 ES-MaACL
005 20250804063438.0
008 110304s1965 sp |||| | spa d
080 _a821.134.2-311.2"19"
100 1 _aCandel, Francisco,
_d1925-2007
_934448
245 1 3 _aRichard /
_cFrancisco Candel.
260 _a[Madrid] :
_bLNP,
_c1965.
300 _a83 p. ;
_c17 cm.
490 1 _aLa novela popular. Contemporánea, inédita, española ;
_v4
830 0 _aLa novela popular. Contemporánea, inédita, española ;
_v4
_9188024
852 _aES-MaACL
_jE-14552
_xOlim P-213-Ter
999 _c177130
_d177130